000 00628cam a22002411 4500
001 sa 63003881
003 DLC
005 20260227111945.0
008 890420s1963 xx 000 0 hinr
010 _asa 63003881
035 _a(OCoLC)23546410
040 _aDLC
_cMiU
_dDLC
042 _apremarc
043 _aa-ii---
050 0 0 _aHC435
_b.S535
100 0 _aShriman Narayan,
_d1912-1978.
245 1 0 _aBhāratīya saṃyojana meṃ naī diśāem̐.
260 _a[n.p.
_c1963]
300 _a2,2, 159 p.
_c23 cm.
500 _aRomanized.
651 0 _aIndia
_xEconomic policy
740 0 _aTrends in Indian planning.
999 _c55346
_d55346